| 000 | 00404nam a2200157Ia 4500 | ||
|---|---|---|---|
| 008 | 210716s1987 xx 000 0 und d | ||
| 020 | _a74516086 | ||
| 041 | _aeng | ||
| 082 | _a004 BALE | ||
| 100 | _aBalagurusamy, E. | ||
| 245 | _aSelecting and managing a small computer. | ||
| 250 | _a1 | ||
| 260 |
_aNew Delhi _bTata McGraw Hill Publishing Company Ltd _c1987 |
||
| 300 | _aX,154 | ||
| 650 | _aNone | ||
| 999 |
_c180535 _d180535 |
||